Detalles MARC
| 000 -CABECERA |
| Longitud fija campo de control |
02988nam a2200517 c 4500 |
| 001 - NÚMERO DE CONTROL |
| Número de control |
22509 |
| 003 - IDENTIFICADOR DE NÚMERO DE CONTROL |
| Identificador del número de control |
ES-MaCES |
| 005 - FECHA Y HORA DE LA ÚLTIMA TRANSACCIÓN |
| Fecha y hora de la última transacción |
20150929123629.0 |
| 008 - CAMPO FIJO DE DESCRIPCIÓN FIJA--INFORMACIÓN GENERAL |
| Códigos de información de longitud fija |
091006s2009 sp d rs o000 | spa d |
| 017 ## - NÚMERO DE REGISTRO DE DERECHOS DE AUTOR Y DEPÓSITO LEGAL |
| Número de copyright o de depósito legal |
M 3722-2004 |
| Agencia que asigna el número |
DL |
| 024 7# - OTROS IDENTIFICADORES |
| Número normalizado o código |
605-09-004-X |
| Fuente del número o código |
nipo |
| 035 ## - NÚMERO DE CONTROL DEL SISTEMA |
| Número de control del sistema |
CES20090009986m |
| 040 ## - FUENTE DE CATALOGACIÓN |
| Centro catalogador de origen |
ES-MaCES |
| Lengua de catalogación |
spa |
| Centro transcriptor |
ES-MaCES |
| 245 00 - MENCIÓN DE TÍTULO |
| Título |
INEbase julio '09 |
| Medio |
Recurso electrónico |
| Resto del título |
: Boletín mensual de estadística (BME), julio 2009 ; Indicadores coyunturales : Índice de precios de consumo (IPC) base 2006, Índice de precios de consumo armonizado España (IPCA) base 2005, Índice de precios industriales base 2005 CNAE-2009 (IPRI), Índice de producción industrial base 2005 CNAE-2009 (IPI), Índices de comercio al por menor base 2005 CNAE-2009 (ICM) ; Indicadores demográficos básicos, serie 1975-2008 (datos 2008 provisionales) ; Estimaciones de la población actual de España, serie 2002-2009 a 1 de julio de 2009 ; Encuesta de ocupación hotelera 2008 ; Encuesta de ocupación en apartamentos turísticos 2008 ; Encuesta de ocupación de acampamentos turísticos 2008 ; Encuesta de ocupación en alojamientos de turismo rural 2008 ; Profesionales sanitarios colegiados 2008 ; Estadística de transmisiones de derechos de la propiedad 2008 ; Estadística de sociedades mercantiles 2008 ; Encuesta sobre las personas sin hogar 20008 (centros) |
| Mención de responsabilidad, etc. |
Instituto Nacional de Estadística |
| 260 ## - PUBLICACIÓN, DISTRIBUCIÓN, ETC (PIE DE IMPRENTA) |
| Lugar de publicación, distribución, etc. |
Madrid |
| Nombre del editor, distribuidor, etc. |
INE |
| Fecha de publicación, distribución, etc. |
[2009] |
| 300 ## - DESCRIPCIÓN FÍSICA |
| Extensión |
1 CD-ROM |
| Dimensiones |
12 cm |
| 500 ## - NOTA GENERAL |
| Nota general |
Tít. tomado de la etiqueta del CD-ROM |
| 500 ## - NOTA GENERAL |
| Nota general |
Publ. seriada mensual (ISSN 1697-3259), que concentra en un único soporte el Boletín mensual de estadística (BME) y todas las publ. electrónicas, tanto monografías como publ. periódicas, que se publican a lo largo del mes. A su vez, toda la información se mantiene y consolida en la base de datos INEbase, de acceso gratuito en internet |
| 500 ## - NOTA GENERAL |
| Nota general |
Características del sistema: sistema operativo windows 95/98 |
| 541 ## - NOTA DE LA FUENTE INMEDIANTE DE ADQUISICIÓN |
| Forma de adquisición |
Gratuito |
| 650 #4 - ASIENTO SECUNDARIO DE MATERIA--TÉRMINO DE MATERIA |
| Término de materia o nombre geográfico como elemento inicial |
fijación del precio |
| 9 (RLIN) |
28285 |
| 650 #4 - ASIENTO SECUNDARIO DE MATERIA--TÉRMINO DE MATERIA |
| Término de materia o nombre geográfico como elemento inicial |
precio al consumidor |
| 9 (RLIN) |
27914 |
| 650 #4 - ASIENTO SECUNDARIO DE MATERIA--TÉRMINO DE MATERIA |
| Término de materia o nombre geográfico como elemento inicial |
producción industrial |
| 9 (RLIN) |
27653 |
| 650 #4 - ASIENTO SECUNDARIO DE MATERIA--TÉRMINO DE MATERIA |
| Término de materia o nombre geográfico como elemento inicial |
comercio minorista |
| 9 (RLIN) |
27952 |
| 650 #4 - ASIENTO SECUNDARIO DE MATERIA--TÉRMINO DE MATERIA |
| Término de materia o nombre geográfico como elemento inicial |
dinámica poblacional |
| 9 (RLIN) |
28510 |
| 650 #4 - ASIENTO SECUNDARIO DE MATERIA--TÉRMINO DE MATERIA |
| Término de materia o nombre geográfico como elemento inicial |
tasa de ocupación |
| 9 (RLIN) |
30229 |
| 650 #4 - ASIENTO SECUNDARIO DE MATERIA--TÉRMINO DE MATERIA |
| Término de materia o nombre geográfico como elemento inicial |
centro turístico |
| 9 (RLIN) |
30214 |
| 650 #4 - ASIENTO SECUNDARIO DE MATERIA--TÉRMINO DE MATERIA |
| Término de materia o nombre geográfico como elemento inicial |
personal médico |
| 9 (RLIN) |
27060 |
| 650 #4 - ASIENTO SECUNDARIO DE MATERIA--TÉRMINO DE MATERIA |
| Término de materia o nombre geográfico como elemento inicial |
transmisión de la empresa |
| 9 (RLIN) |
30833 |
| 650 #4 - ASIENTO SECUNDARIO DE MATERIA--TÉRMINO DE MATERIA |
| Término de materia o nombre geográfico como elemento inicial |
propiedad |
| 9 (RLIN) |
27144 |
| 650 #4 - ASIENTO SECUNDARIO DE MATERIA--TÉRMINO DE MATERIA |
| Término de materia o nombre geográfico como elemento inicial |
sociedades |
| 9 (RLIN) |
30766 |
| 650 #4 - ASIENTO SECUNDARIO DE MATERIA--TÉRMINO DE MATERIA |
| Término de materia o nombre geográfico como elemento inicial |
persona sin hogar |
| 9 (RLIN) |
30628 |
| 650 #4 - ASIENTO SECUNDARIO DE MATERIA--TÉRMINO DE MATERIA |
| Término de materia o nombre geográfico como elemento inicial |
España |
| 9 (RLIN) |
26964 |
| 650 #4 - ASIENTO SECUNDARIO DE MATERIA--TÉRMINO DE MATERIA |
| Término de materia o nombre geográfico como elemento inicial |
2009 |
| 9 (RLIN) |
31942 |
| 650 #4 - ASIENTO SECUNDARIO DE MATERIA--TÉRMINO DE MATERIA |
| Término de materia o nombre geográfico como elemento inicial |
encuesta |
| 9 (RLIN) |
28856 |
| 650 #4 - ASIENTO SECUNDARIO DE MATERIA--TÉRMINO DE MATERIA |
| Término de materia o nombre geográfico como elemento inicial |
datos estadísticos |
| 9 (RLIN) |
30765 |
| 650 #4 - ASIENTO SECUNDARIO DE MATERIA--TÉRMINO DE MATERIA |
| Término de materia o nombre geográfico como elemento inicial |
CD ROM |
| 9 (RLIN) |
30331 |
| 653 10 - TÉRMINO DE INDEXACIÓN--NO CONTROLADO |
| Término no controlado |
Estadísticas |
| 650 #4 - ASIENTO SECUNDARIO DE MATERIA--TÉRMINO DE MATERIA |
| 9 (RLIN) |
27889 |
| Término de materia o nombre geográfico como elemento inicial |
hotel |
| 710 2# - ENCABEZAMIENTO SECUNDARIO--NOMBRE CORPORATIVO |
| Nombre de entidad o nombre de jurisdicción como elemento inicial |
Instituto Nacional de Estadística (España) |
| 9 (RLIN) |
4273 |
| 787 0# - ENTRADA DE OTRAS ESPECIFICACIONES |
| Título |
INEbase agosto '09 |
| Número de control del registro relacionado |
(ES-MaCES)22510 |
| 787 0# - ENTRADA DE OTRAS ESPECIFICACIONES |
| Título |
INEbase junio '09 |
| Número de control del registro relacionado |
(ES-MaCES)22375 |
| 902 ## - CES. TIPO DE DOCUMENTO |
| Tipodoc (006$c Sirtex) |
ELE PUB. ELECTRONICA |
| 942 ## - ELEMENTOS KOHA |
| Fuente de clasificaión o esquema |
Clasificación propia del CES |
| Koha [por defecto] tipo de item |
Monografías |
| Parte de clasificación |
8.0. |